000 00498nam a2200181Ia 4500
008 090123s9999 xx 000 0 und d
082 _b3611
_a891.463/यादव
100 _aयादव माधवराव
245 _aबोरगांव
250 _a1
260 _c1974
300 _a134
600 _aयादव माधवराव
630 _aबोरगांव
700 _aयादव माधवराव
730 _aबोरगांव
942 _cBOOK
999 _c41691
_d41691